Score 0/15 Timer 01:30
1 Play Today
% Correct
Bucky Barnes|Winter Soldier
96.2%
Steve Rogers|Captain America
95.2%
Natasha Romanoff|Black Widow
93.2%
Nick Fury
92%
Sam Wilson|Falcon
91.1%
Sharon|Agent 13
87.9%
Alexander Pierce
82.4%
Maria Hill
81.9%
% Correct
Peggy Carter
80.7%
Brock Rumlow
76.1%
Jasper Sitwell
72.4%
Senator Stern
64.5%
Georges Batroc
62.1%
Wanda Maximoff|Scarlet Witch
46.3%
Pietro Maximoff|Quicksilver
43.8%
Remove Ads.
Support Sporcle.
Get the best of Sporcle when you Go Orange. This ad-free experience offers more features, more stats, and more fun while also helping to support Sporcle. Thank you for becoming a member.

You're not logged in!

Compare scores with friends on all Sporcle quizzes.
OR
Log In

Show Comments

Extras

Top Quizzes Today


Score Distribution

Your Account Isn't Verified!

In order to create a playlist on Sporcle, you need to verify the email address you used during registration. Go to your Sporcle Settings to finish the process.

Report this User

Report this user for behavior that violates our Community Guidelines.

Details: